LEADER 01421nam a2200301 4500 001 000000361807 003 CaOOAMICUS 005 20250224121824.0 008 250224s2009 it 000 u ita r 020 $a978-88-7642-339-0 040 $aSeMil$bita 100 1 $aHankins, James,$d<1955- >.$0(OLS)http://semarc/name/121541 240 10$aPlato in the Italian Renaissance.$0(OLS)http://semarc/title/452597 245 13$aLa riscoperta di Platone nel Rinascimento italiano /$cJames Hankins ; traduzione di Stefano U. Baldassarri e Donatella Downey. 264 1$aPisa :$bEdizioni della Normale,$c2009. 300 $a531 p. ;$c24 cm 490 1 $aStudi ;$v14 650 4$aPlatone - Fortuna - Sec. 15.-16.$0(OLS)http://semarc/subject/57187 700 1 $aDowney, Donatella.$0(OLS)http://semarc/name/121543 700 1 $aBaldassarri, Stefano Ugo,$d<1968- >.$0(OLS)http://semarc/name/109355 830 0$aStudi ;$v14.$0(OLS)http://semarc/title/8720 850 $aSeMil 852 $aSeMil$W1$xVenegono$y1$m2P VI 150$j254687$B252755$CSeMilBibl$Z2$F252755 $81 961 $aBuzzi mons. Franco - Omaggio 996 $6020$a978-88-7642-339-0$9(OLS)http://semarc/number/302535 996 $6245$aLa riscoperta di Platone nel Rinascimento italiano$9(OLS)http://semarc/title/452599 996 $6264$aPisa :$bEdizioni della Normale$9(OLS)http://semarc/publisher/36010 LEADER 01195nam a2200205 i 4500 001 000000211575 003 CaOOAMICUS 005 20120306000000.0 008 120306s1562 xx u000 u lat u 013 $a190388 040 $aSeMil$bita 245 10$aCommentarii in librum Demetrii Phaleraei de elocutione, positis ante singulas declarationes graecis vocibus auctoris iisdemque ad verbum latine expressis. 260 $aFirenze :$bimpressum apud haer. Bernardi Juntae,$c1562. 300 $a20 x 31,5 ;$cpp. 300 ;$cgr. e rom. 500 $aDescrizione da : Incunaboli e Cinquecentine della Biblioteca del Seminario di Milano / catalogo a cura di Ubaldo Valentini, Milano 1981. - Numero di catalogo : 1672. 700 1 $aVettori, Pietro,$d<1499-1585>.$0(OLS)http://semarc/name/2850 850 $aSeMil 852 $aSeMil$W1$xVenegono$y1$mFV.C II 44 ^$j162015$B162015$CSeMilBibl$Z2$F173354 $86 996 $6245$aCommentarii in librum Demetrii Phaleraei de elocutione, positis ante singulas declarationes graecis vocibus auctoris iisdemque ad verbum latine expressis$9(OLS)http://semarc/title/305615 996 $6260$aFirenze :$bimpressum apud haer. Bernardi Juntae$9(OLS)http://semarc/publisher/52580